| 000 | 00747cam a2200229 i 4500 | ||
|---|---|---|---|
| 999 |
_c119352 _d119352 |
||
| 001 | 19601156 | ||
| 005 | 20201020104045.0 | ||
| 008 | 170418s2018 txuab b s001 0 eng c | ||
| 020 | _a9781477314319 (pbk : alk. paper) | ||
| 040 | _cPK-LaUMT | ||
| 082 | 0 | 0 |
_a307.1216 _223 _bSTE-M |
| 100 | 1 | _aSteiner, Frederick R. | |
| 245 | 1 | 0 |
_aMaking plans : _bhow to engage with landscape, design, and the urban environment / _cby Frederick R. Steiner |
| 260 |
_aAustin : _bUniversity of Texas Press, _c2018 |
||
| 300 |
_ax, 196 p. : _bcolor illustrations, maps ; _c24 cm. |
||
| 650 | 0 | _aCity planning. | |
| 650 | 0 | _aRegional planning. | |
| 650 | 0 |
_aLand use _xPlanning. |
|
| 650 | 0 | _aLandscape architecture. | |
| 650 | 0 | _aHuman ecology. | |
| 942 | _cBK | ||